[Event "XVI Festival A"]
[Site "Campobasso ITA"]
[Date "2009.07.25"]
[Round "3"]
[White "Messina, Enrico"]
[Black "Parrella, Alfredo"]
[Result "1-0"]
[WhiteElo "2110"]
[BlackElo "2099"]
[PlyCount "59"]
[EventDate "2009.07.24"]

1. e4 e5 2. d4 Nc6 3. dxe5 Nxe5 4. Nf3 Nxf3+ 5. Qxf3 Qf6 6. Qg3 Bb4+ 7. c3 Bd6
8. f4 Qg6 9. Nd2 Bc5 10. Bd3 a5 11. e5 f5 12. Bxf5 Qxf5 13. Qxg7 Ra6 14. Qxh8
Kf8 15. g4 Qd3 16. f5 Rh6 17. f6 Rg6 18. Qxh7 b6 19. f7 Qe3+ 20. Kd1 Ba6 21.
fxg8=Q+ Rxg8 22. Re1 Qg5 23. Qf5+ Qxf5 24. gxf5 Rg2 25. Ne4 Bg1 26. Bh6+ Kg8
27. Nf6+ Kh8 28. Nxd7 Bf2 29. f6 Bxe1 30. f7 1-0

[Event "XVI Festival A"]
[Site "Campobasso ITA"]
[Date "2009.07.25"]
[Round "3"]
[White "Parrini, Daniele"]
[Black "Vanacore, Francesco"]
[Result "1/2-1/2"]
[WhiteElo "2036"]
[BlackElo "2055"]
[PlyCount "65"]
[EventDate "2009.07.24"]

1. e4 e6 2. d3 d5 3. Nd2 c5 4. Ngf3 Nc6 5. g3 Bd6 6. Bg2 Nge7 7. O-O O-O 8. Nh4
Bc7 9. f4 f5 10. c3 b5 11. exf5 exf5 12. Re1 Rb8 13. Nhf3 g6 14. Ng5 h6 15. Ne6
Bxe6 16. Rxe6 Qd7 17. Re1 Rfe8 18. Nb3 Bb6 19. d4 cxd4 20. cxd4 Nxd4 21. Nxd4
Nc6 22. Be3 Rxe3 23. Rxe3 Bxd4 24. Qf3 Re8 25. Rae1 Rxe3 26. Rxe3 Bxe3+ 27.
Qxe3 Kh7 28. Qc5 Ne7 29. Kf2 d4 30. Bf1 a6 31. a4 bxa4 32. Bxa6 Qe6 33. Qe5
1/2-1/2

[Event "XVI Festival A"]
[Site "Campobasso ITA"]
[Date "2009.07.25"]
[Round "3"]
[White "Petruccioli, Antonio"]
[Black "Lisi, Davide"]
[Result "1/2-1/2"]
[WhiteElo "2098"]
[BlackElo "2023"]
[PlyCount "98"]
[EventDate "2009.07.24"]

1. e4 e6 2. d4 d5 3. exd5 exd5 4. Nf3 Nf6 5. Bd3 Bd6 6. O-O O-O 7. Bg5 Bg4 8.
h3 Bh5 9. Bf5 h6 10. Bh4 g5 11. Bg3 Ne4 12. Bxd6 Qxd6 13. Qd3 Nc6 14. Nbd2 Nxd2
15. Nxd2 Ne7 16. c3 Bg6 17. Bxg6 Nxg6 18. Rae1 c6 19. Re3 Rfe8 20. Rfe1 Rxe3
21. Rxe3 Nf4 22. Qf5 Qg6 23. Qxg6+ Nxg6 24. Nb3 b6 25. Nc1 Kg7 26. Nd3 Rc8 27.
g3 Kf8 28. f4 Re8 29. Kf2 f6 30. Nb4 Rxe3 31. Kxe3 Ne7 32. fxg5 fxg5 33. Nd3
Ng6 34. Kf3 h5 35. Nb4 Ne7 36. h4 gxh4 37. gxh4 Kf7 38. a4 Ke6 39. Nd3 Ng6 40.
Nb4 Nxh4+ 41. Kf4 Ng6+ 42. Kg5 Ne7 43. Kxh5 c5 44. dxc5 bxc5 45. Na6 Kd6 46.
Kg5 d4 47. cxd4 cxd4 48. Kf4 Kd5 49. b3 Nc6 1/2-1/2

[Event "XVI Festival A"]
[Site "Campobasso ITA"]
[Date "2009.07.25"]
[Round "3"]
[White "Rizzo, Giacomo"]
[Black "Procacci, Sergio"]
[Result "0-1"]
[WhiteElo "1720"]
[BlackElo "2073"]
[PlyCount "52"]
[EventDate "2009.07.24"]

1. e4 d6 2. d4 Nf6 3. Nc3 g6 4. Bf4 Bg7 5. Qd2 c6 6. Bh6 Bxh6 7. Qxh6 Qa5 8.
O-O-O Be6 9. Nf3 Nbd7 10. Qg5 Qc7 11. d5 h6 12. Qe3 Bg4 13. dxc6 bxc6 14. Be2
Bxf3 15. Bxf3 Rb8 16. g4 Ne5 17. Rhg1 Nc4 18. Qd4 Nxb2 19. Rde1 e5 20. Qd2 Rb4
21. a3 Rd4 22. Qe3 Nc4 23. Qe2 Qb7 24. Na4 Qa6 25. Rd1 Qxa4 26. Rxd4 Qxa3+ 0-1

[Event "XVI Festival A"]
[Site "Campobasso ITA"]
[Date "2009.07.25"]
[Round "3"]
[White "Safranska, Anda"]
[Black "Sumets, Andrey"]
[Result "1/2-1/2"]
[WhiteElo "2310"]
[BlackElo "2595"]
[PlyCount "121"]
[EventDate "2009.07.24"]

1. e4 g6 2. d4 Bg7 3. Nc3 a6 4. a4 d5 5. exd5 Nf6 6. Bc4 Nbd7 7. a5 O-O 8. Nf3
b5 9. axb6 Nxb6 10. Bb3 Bb7 11. O-O Nfxd5 12. Nxd5 Nxd5 13. Re1 e6 14. Bg5 Qd6
15. c3 c5 16. dxc5 Qxc5 17. Qc1 Qb6 18. Bc2 Rfc8 19. Ra2 Rab8 20. Bh6 Bh8 21.
Qd1 a5 22. Ne5 Qc7 23. Nf3 Ba6 24. Bd3 Bxd3 25. Qxd3 a4 26. g3 a3 27. bxa3 Qxc3
28. Qxc3 Rxc3 29. Nd2 Ra8 30. Rb1 Rc7 31. Kg2 Be5 32. Rb3 f6 33. Be3 Rc3 34.
Rxc3 Nxc3 35. Rc2 Rxa3 36. Nc4 Rb3 37. Nxe5 fxe5 38. Bd2 Nd5 39. Bh6 Kf7 40.
Rc8 Rb7 41. h4 e4 42. Rf8+ Ke7 43. Rh8 Kd6 44. Kh3 Rf7 45. Kg2 Ke5 46. Ra8 Rb7
47. Ra6 Kf5 48. Kh3 Rb2 49. g4+ Kf6 50. Kg3 Rb3+ 51. Kg2 e3 52. fxe3 Nxe3+ 53.
Bxe3 Rxe3 54. g5+ Kf5 55. Ra7 Kg4 56. Rxh7 Re2+ 57. Kg1 Ra2 58. Rg7 e5 59. Rxg6
Kxh4 60. Rh6+ Kxg5 61. Rh8 1/2-1/2

[Event "XVI Festival A"]
[Site "Campobasso ITA"]
[Date "2009.07.25"]
[Round "3"]
[White "Sannino, Raffaele"]
[Black "Radice, Mario"]
[Result "1-0"]
[WhiteElo "2015"]
[BlackElo "1930"]
[PlyCount "51"]
[EventDate "2009.07.24"]

1. e4 c5 2. Bc4 Nc6 3. c3 Nf6 4. Qe2 d6 5. Nf3 Bg4 6. h3 Bh5 7. d3 e6 8. Nbd2
Be7 9. Bb3 O-O 10. O-O b5 11. g4 Bg6 12. d4 Qc7 13. Re1 c4 14. Bc2 d5 15. Qd1
h5 16. e5 Nh7 17. Nf1 Bxc2 18. Qxc2 hxg4 19. hxg4 b4 20. Ng3 Rfb8 21. Kg2 Nf8
22. Rh1 Ng6 23. Nh5 Bf8 24. Nh4 Nxh4+ 25. Rxh4 Ne7 26. Nf6+ 1-0

[Event "XVI Festival A"]
[Site "Campobasso ITA"]
[Date "2009.07.25"]
[Round "3"]
[White "Sellitti, Luca"]
[Black "Fezza, Davide"]
[Result "0-1"]
[WhiteElo "1908"]
[BlackElo "2082"]
[PlyCount "50"]
[EventDate "2009.07.24"]

1. e4 c5 2. Qh5 e6 3. f4 Nc6 4. c3 g6 5. Qf3 Bg7 6. g4 Nge7 7. Ne2 d5 8. d3 d4
9. Ng3 f5 10. gxf5 exf5 11. Bd2 Be6 12. Bh3 Qb6 13. exf5 Bd5 14. Ne4 O-O 15.
fxg6 hxg6 16. Bc1 Rae8 17. O-O c4 18. Kh1 Ne5 19. Qe2 Nxd3 20. Nbd2 Nf5 21. Qf3
Qc6 22. Bg2 Ne3 23. Rg1 Rxe4 24. Nxe4 Bxe4 25. Qe2 Nxf4 0-1

[Event "XVI Festival A"]
[Site "Campobasso ITA"]
[Date "2009.07.25"]
[Round "3"]
[White "Tacchi, Fabio"]
[Black "Grasso, Nino"]
[Result "0-1"]
[WhiteElo "1832"]
[BlackElo "1971"]
[PlyCount "57"]
[EventDate "2009.07.24"]

1. d4 Nf6 2. c4 c5 3. d5 b5 4. cxb5 a6 5. e3 d6 6. Nc3 g6 7. Nf3 Bg7 8. Be2 O-O
9. O-O Nbd7 10. Nd2 axb5 11. Bxb5 Ba6 12. Bxa6 Rxa6 13. Nc4 Nb6 14. Qd3 Nxc4
15. Qxc4 Qa8 16. a4 Rb8 17. Ra3 Rb4 18. Qd3 Nd7 19. Nb5 Raxa4 20. Rxa4 Qxa4 21.
Nc3 c4 22. Qe2 Qb3 23. Re1 Nc5 24. Qg4 f5 25. Qd1 Nd3 26. Qxb3 Rxb3 27. Rd1
Nxb2 28. Bxb2 Rxb2 29. Rc1 0-1

[Event "XVI Festival A"]
[Site "Campobasso ITA"]
[Date "2009.07.25"]
[Round "3"]
[White "Vuelban, Virgilio"]
[Black "Sellitti, Federico"]
[Result "1/2-1/2"]
[WhiteElo "2404"]
[BlackElo "2138"]
[PlyCount "31"]
[EventDate "2009.07.24"]

1. e4 e5 2. Nf3 Nc6 3. d4 exd4 4. Nxd4 Bc5 5. Be3 Qf6 6. c3 Nge7 7. Bc4 d6 8.
O-O Ne5 9. Nb5 O-O 10. Bxc5 dxc5 11. Nxc7 Nxc4 12. Nxa8 Qc6 13. Nd2 Be6 14.
Nxc4 Bxc4 15. Re1 Rxa8 16. Qd2 1/2-1/2

[Event "XVI Festival A"]
[Site "Campobasso ITA"]
[Date "2009.07.25"]
[Round "4"]
[White "Basaric, Srdjan"]
[Black "Fagnani, Alessandro"]
[Result "1-0"]
[WhiteElo "2118"]
[BlackElo "1852"]
[PlyCount "65"]
[EventDate "2009.07.24"]

1. e4 e5 2. Nf3 Nc6 3. d3 Nf6 4. Be2 Bc5 5. O-O d6 6. c3 Bb6 7. b4 Be6 8. Nbd2
h6 9. Qc2 g5 10. Nc4 Bxc4 11. dxc4 Rg8 12. c5 dxc5 13. b5 g4 14. Nh4 Ne7 15.
Bc4 c6 16. a4 Qc7 17. g3 h5 18. Rd1 Nd7 19. Qa2 O-O-O 20. a5 Bxa5 21. Qxa5 Qxa5
22. Rxa5 Nb6 23. Rxd8+ Rxd8 24. Be2 cxb5 25. Rxb5 Na4 26. Ra5 b5 27. Rxb5 Nc6
28. Rb3 c4 29. Ra3 Nc5 30. Be3 Nxe4 31. Bxc4 Nd6 32. Be2 Rd7 33. Kf1 1-0

[Event "XVI Festival A"]
[Site "Campobasso ITA"]
[Date "2009.07.25"]
[Round "4"]
[White "Borino, Paolo"]
[Black "Chicco, Giancarlo"]
[Result "1-0"]
[WhiteElo "1996"]
[BlackElo "1493"]
[PlyCount "105"]
[EventDate "2009.07.24"]

1. f4 b6 2. b3 Bb7 3. Bb2 Nf6 4. e3 g6 5. Nf3 Bg7 6. Be2 O-O 7. O-O d6 8. Qe1
e6 9. Nc3 a6 10. d3 c5 11. e4 Nfd7 12. Qg3 Nc6 13. f5 e5 14. fxg6 hxg6 15. Ng5
Bh6 16. Nxf7 Be3+ 17. Qxe3 Rxf7 18. Rxf7 Kxf7 19. Rf1+ Kg7 20. Bc1 Qh8 21. Rf3
Ne7 22. Qg5 Re8 23. Rh3 Qg8 24. Qh6+ Kf7 25. Bg5 Nf6 26. Rf3 Qg7 27. Qxg7+ Kxg7
28. Bxf6+ Kf7 29. Bxe5+ Ke6 30. Bg7 Kd7 31. Rf7 Kd8 32. Bf6 Bc6 33. Bg4 b5 34.
Ne2 a5 35. Nf4 a4 36. Ne6+ Kd7 37. Nxc5+ Kc7 38. Ne6+ Kb6 39. Rxe7 Rxe7 40.
Bxe7 axb3 41. axb3 d5 42. exd5 Bxd5 43. c4 bxc4 44. bxc4 Bc6 45. h4 Be8 46. Nf4
Kc7 47. d4 Bf7 48. d5 Be8 49. c5 Kb7 50. c6+ Kc7 51. Ne6+ Kb6 52. Bd8+ Kb5 53.
Nc7+ 1-0

[Event "XVI Festival A"]
[Site "Campobasso ITA"]
[Date "2009.07.25"]
[Round "4"]
[White "Bottega, Antonio"]
[Black "Locci, Damiano"]
[Result "0-1"]
[WhiteElo "1982"]
[BlackElo "2119"]
[PlyCount "48"]
[EventDate "2009.07.24"]

1. d4 d5 2. Nf3 Nf6 3. Bf4 c5 4. c3 Nc6 5. e3 e6 6. Bd3 Bd6 7. Bg3 Qe7 8. Nbd2
O-O 9. Ne5 Nd7 10. f4 f6 11. Bxh7+ Kxh7 12. Qh5+ Kg8 13. Ng6 Qe8 14. f5 Bb8 15.
fxe6 Qxe6 16. O-O-O Ne7 17. Nxe7+ Qxe7 18. Qxd5+ Qf7 19. Qxf7+ Kxf7 20. Bxb8
Rxb8 21. Ne4 cxd4 22. Rxd4 Ne5 23. Rhd1 Ke7 24. Nd6 Be6 0-1

[Event "XVI Festival A"]
[Site "Campobasso ITA"]
[Date "2009.07.25"]
[Round "4"]
[White "Castrogiovanni, Carlo"]
[Black "Mazza, Daniele"]
[Result "1-0"]
[WhiteElo "2020"]
[BlackElo "1838"]
[PlyCount "89"]
[EventDate "2009.07.24"]

1. d4 Nf6 2. c4 e6 3. Nf3 b6 4. a3 c5 5. d5 exd5 6. cxd5 d6 7. Nc3 Ba6 8. g3 g6
9. Bg2 Bg7 10. O-O O-O 11. Qc2 Re8 12. Re1 Bb7 13. e4 Nfd7 14. Bg5 f6 15. Be3
Ne5 16. Nd2 Bc8 17. h3 a6 18. f4 Nf7 19. Rad1 b5 20. Nf3 Bd7 21. Bf2 Qc8 22.
Kh2 b4 23. Nb1 a5 24. Nbd2 Qb7 25. a4 b3 26. Qc4 Qb4 27. Ra1 Na6 28. Re3 Qxc4
29. Nxc4 Nb4 30. Ne1 Nc2 31. Nxc2 bxc2 32. Rc3 c1=Q 33. Rcxc1 Reb8 34. Be1 f5
35. Bc3 fxe4 36. Bxe4 Bxc3 37. bxc3 g5 38. Rab1 Bxa4 39. Nb6 Rxb6 40. Rxb6 c4
41. Bf5 gxf4 42. gxf4 Bb3 43. Be6 Rd8 44. Rb7 Rf8 45. Rg1+ 1-0

[Event "XVI Festival A"]
[Site "Campobasso ITA"]
[Date "2009.07.25"]
[Round "4"]
[White "Colucci, Stefano"]
[Black "Petruccioli, Antonio"]
[Result "1-0"]
[WhiteElo "1994"]
[BlackElo "2098"]
[PlyCount "89"]
[EventDate "2009.07.24"]

1. e4 c5 2. Nf3 a6 3. c3 d5 4. exd5 Qxd5 5. d4 Bg4 6. Be2 cxd4 7. Qxd4 Bxf3 8.
Bxf3 Qxd4 9. cxd4 Nc6 10. Bxc6+ bxc6 11. Nc3 e6 12. Bf4 Bb4 13. a3 Ba5 14. O-O
Ne7 15. Bd6 Nf5 16. Bc5 Bxc3 17. bxc3 Kd7 18. Rab1 Rhb8 19. c4 h5 20. f3 Ne3
21. Rfc1 Kc7 22. Rxb8 Rxb8 23. Bb4 Kd7 24. Kf2 Nf5 25. Rd1 g6 26. g4 a5 27.
Bxa5 hxg4 28. fxg4 Rb2+ 29. Rd2 Rxd2+ 30. Bxd2 Nxd4 31. h4 f5 32. h5 gxh5 33.
gxh5 Ke7 34. a4 Kf7 35. Bc3 Nb3 36. a5 Nc5 37. Kf3 Kg8 38. Bd4 Na6 39. Kf4 c5
40. Bc3 Nb4 41. Kg5 Nc6 42. a6 Kh7 43. Bf6 e5 44. Kxf5 Kh6 45. a7 1-0

[Event "XVI Festival A"]
[Site "Campobasso ITA"]
[Date "2009.07.25"]
[Round "4"]
[White "D'Orta, Antonio"]
[Black "Parrini, Daniele"]
[Result "1-0"]
[WhiteElo "1876"]
[BlackElo "2036"]
[PlyCount "77"]
[EventDate "2009.07.24"]

1. e4 d6 2. d4 Nf6 3. f3 g6 4. Bc4 Bg7 5. Ne2 O-O 6. Nbc3 c6 7. Be3 Nbd7 8. Bb3
e5 9. Qd2 b5 10. d5 b4 11. Na4 c5 12. a3 a5 13. Bc4 Rb8 14. b3 Ne8 15. Bg5 f6
16. Be3 f5 17. Bg5 Nef6 18. exf5 gxf5 19. Ng3 Nb6 20. Nh5 Rf7 21. Nxb6 Qxb6 22.
Nxg7 Kxg7 23. O-O f4 24. axb4 axb4 25. Ra4 Ne8 26. Qf2 h6 27. Bh4 Nc7 28. Bd8
Bf5 29. Ra6 Qb7 30. Rxd6 Ne8 31. Rb6 Qc8 32. Rxb8 Qxb8 33. Bh4 Qa7 34. g4 Bg6
35. Qe2 e4 36. fxe4 Nd6 37. e5 Nxc4 38. Bf6+ Kh7 39. Qxc4 1-0

[Event "XVI Festival A"]
[Site "Campobasso ITA"]
[Date "2009.07.25"]
[Round "4"]
[White "Fezza, Davide"]
[Black "Forlano, Luigi"]
[Result "0-1"]
[WhiteElo "2082"]
[BlackElo "1987"]
[PlyCount "49"]
[EventDate "2009.07.24"]

1. e4 c5 2. Nf3 g6 3. d4 cxd4 4. Nxd4 Nc6 5. Nc3 Bg7 6. Be3 Nf6 7. Bc4 O-O 8.
Bb3 a5 9. f3 d5 10. exd5 Nb4 11. Ndb5 a4 12. Bc4 Bf5 13. Nd4 Nfxd5 14. Nxf5
Nxc3 15. bxc3 Bxc3+ 16. Kf2 gxf5 17. Rb1 Qc7 18. Rxb4 Bxb4 19. Qd4 Rac8 20. Bb5
Qxc2+ 21. Kg3 f4+ 22. Bxf4 Qg6+ 23. Kh4 Rc5 24. g4 Rxb5 25. a3 0-1

[Event "XVI Festival A"]
[Site "Campobasso ITA"]
[Date "2009.07.25"]
[Round "4"]
[White "Gatti, Francesco"]
[Black "Tacchi, Fabio"]
[Result "0-1"]
[WhiteElo "1819"]
[BlackElo "1832"]
[PlyCount "64"]
[EventDate "2009.07.24"]

1. e4 d6 2. d4 Nf6 3. Nc3 Nbd7 4. f4 e5 5. fxe5 dxe5 6. d5 Bb4 7. Bd3 Nc5 8.
Qe2 O-O 9. a3 Bxc3+ 10. bxc3 Nfxe4 11. Bxe4 Qh4+ 12. g3 Qxe4 13. Qxe4 Nxe4 14.
c4 Nd6 15. c5 Nc4 16. Ke2 Bf5 17. Rb1 Be4 18. Nf3 Bxd5 19. Rf1 f5 20. Ne1 b6
21. Nd3 Rae8 22. Nb4 Be4 23. cxb6 cxb6 24. Nd3 Na5 25. Rb4 Nc6 26. Rb1 Rc8 27.
Ke3 Nd4 28. Ne1 Nxc2+ 29. Nxc2 Rxc2 30. Rb5 Rfc8 31. Bd2 Rd8 32. Rf2 Rd3+ 0-1

[Event "XVI Festival A"]
[Site "Campobasso ITA"]
[Date "2009.07.25"]
[Round "4"]
[White "Grasso, Nino"]
[Black "Mazzarella, Antonio"]
[Result "0-1"]
[WhiteElo "1971"]
[BlackElo "2048"]
[PlyCount "52"]
[EventDate "2009.07.24"]

1. e4 e6 2. d4 d5 3. Nc3 Nf6 4. Bg5 dxe4 5. Nxe4 Be7 6. Bxf6 Bxf6 7. Nf3 Nd7 8.
Bd3 b6 9. Qd2 Bb7 10. Qf4 Be7 11. O-O-O Nf6 12. Ne5 O-O 13. c4 Nxe4 14. Qe3 Nf6
15. Rhe1 Qc8 16. g4 Nd7 17. f4 Nxe5 18. dxe5 Rd8 19. Qh3 Rxd3 20. Rxd3 Qf8 21.
f5 Rd8 22. Rg3 Bg5+ 23. Kb1 Qb4 24. Rf1 Rd2 25. Rb3 Qxc4 26. Rc3 Qe2 0-1

[Event "XVI Festival A"]
[Site "Campobasso ITA"]
[Date "2009.07.25"]
[Round "4"]
[White "Gromovs, Sergejs"]
[Black "Cordi', Domenico"]
[Result "1-0"]
[WhiteElo "2339"]
[BlackElo "2060"]
[PlyCount "57"]
[EventDate "2009.07.24"]

1. d4 Nf6 2. Nf3 g6 3. c4 Bg7 4. Nc3 O-O 5. e4 d6 6. Be2 e5 7. O-O Nc6 8. d5
Ne7 9. b4 Ne8 10. c5 Kh8 11. a4 Ng8 12. a5 Bh6 13. Bb2 f5 14. b5 Ngf6 15. exf5
gxf5 16. b6 e4 17. bxc7 Qxc7 18. cxd6 Nxd6 19. Nd4 Bg7 20. Qd2 Qf7 21. Nb3 Rd8
22. Rfd1 Rb8 23. Qf4 Qf8 24. Nb5 Nfe8 25. Bxg7+ Qxg7 26. Nxa7 Bd7 27. a6 bxa6
28. Nd4 Nb5 29. Bxb5 1-0

[Event "XVI Festival A"]
[Site "Campobasso ITA"]
[Date "2009.07.25"]
[Round "4"]
[White "Ljubisavljevic, Zivojin Z."]
[Black "Cangiano, Federico"]
[Result "1-0"]
[WhiteElo "2287"]
[BlackElo "1965"]
[PlyCount "59"]
[EventDate "2009.07.24"]

1. d4 d5 2. c3 Nf6 3. Bf4 e6 4. e3 Bd6 5. Bxd6 Qxd6 6. f4 O-O 7. Bd3 c5 8. Ne2
Nbd7 9. O-O b6 10. Nd2 Bb7 11. Ng3 cxd4 12. exd4 a5 13. Qe2 Rfe8 14. Rae1 a4
15. a3 Qc7 16. Nh1 Nf8 17. g4 Qc8 18. g5 N6d7 19. Nf2 Ba6 20. Nf3 Bxd3 21. Nxd3
Qc4 22. h4 b5 23. h5 Qc7 24. Nfe5 Nxe5 25. fxe5 Qe7 26. Qg4 Kh8 27. Re2 g6 28.
Ref2 f5 29. exf6 Qf7 30. Ne5 1-0

[Event "XVI Festival A"]
[Site "Campobasso ITA"]
[Date "2009.07.25"]
[Round "4"]
[White "Lombardi, Mariano"]
[Black "Laudisa, Antonio"]
[Result "0-1"]
[WhiteElo "2160"]
[BlackElo "1873"]
[PlyCount "66"]
[EventDate "2009.07.24"]

1. Nf3 Nf6 2. c4 d6 3. g3 g6 4. Bg2 Bg7 5. O-O O-O 6. d4 Nbd7 7. Nc3 c5 8. d5
a6 9. e4 Rb8 10. Qd3 b5 11. cxb5 axb5 12. Re1 b4 13. Nd1 Ng4 14. Ne3 Nge5 15.
Nxe5 Nxe5 16. Qc2 Ba6 17. f4 Nd3 18. Rd1 c4 19. h4 Qb6 20. Kh2 Rfc8 21. Nf1 b3
22. axb3 cxb3 23. Qb1 Rc2 24. Be3 Qb5 25. Bd2 Rxb2 26. Ra5 Qxa5 27. Bxa5 Rxb1
28. Rxb1 b2 29. Nd2 Rb5 30. Bd8 Rc5 31. Bxe7 Rc2 32. Nb3 Bc4 33. Na1 Rc1 0-1

[Event "XVI Festival A"]
[Site "Campobasso ITA"]
[Date "2009.07.25"]
[Round "4"]
[White "Mrdja, Milan"]
[Black "Vuelban, Virgilio"]
[Result "0-1"]
[WhiteElo "2418"]
[BlackElo "2404"]
[PlyCount "83"]
[EventDate "2009.07.24"]

1. e4 e6 2. d4 d5 3. Nc3 Nf6 4. e5 Nfd7 5. f4 c5 6. Nf3 Nc6 7. Be3 Be7 8. Qd2
O-O 9. dxc5 Bxc5 10. O-O-O Qb6 11. Nd4 Nxd4 12. Bxd4 Bxd4 13. Qxd4 Qxd4 14.
Rxd4 f6 15. exf6 Nxf6 16. Be2 Bd7 17. Bf3 Rae8 18. Re1 g6 19. Nd1 Bc6 20. Nf2
Ne4 21. Nxe4 Rxf4 22. Nd6 Rxd4 23. Nxe8 Bxe8 24. Rxe6 Bc6 25. Re7 Rf4 26. Kd2
Rh4 27. h3 Kf8 28. Rc7 h5 29. c3 Rf4 30. Ke3 Ra4 31. a3 Rc4 32. Kd3 Rf4 33. b3
Rf7 34. Rc8+ Ke7 35. Rg8 Rf6 36. Ke3 Kf7 37. Rh8 Ke6 38. h4 Ke7 39. Be2 Re6+
40. Kf2 Be8 41. g3 Kf6 42. Rh7 {...} 0-1

[Event "XVI Festival A"]
[Site "Campobasso ITA"]
[Date "2009.07.25"]
[Round "4"]
[White "Parrella, Alfredo"]
[Black "Lisi, Davide"]
[Result "0-1"]
[WhiteElo "2099"]
[BlackElo "2023"]
[PlyCount "54"]
[EventDate "2009.07.24"]

1. d4 Nf6 2. c4 e6 3. Nc3 Bb4 4. Qc2 d5 5. a3 Bxc3+ 6. Qxc3 Ne4 7. Qc2 O-O 8.
Nf3 c6 9. e3 Nd7 10. Bd3 f5 11. O-O Qe8 12. Nd2 Ndf6 13. b3 Bd7 14. f3 Ng5 15.
Bb2 Qg6 16. Rae1 Nh5 17. Nb1 Qh6 18. Bc1 f4 19. e4 Ng3 20. Rf2 Qh4 21. e5 Nf5
22. Qb2 Be8 23. Nd2 Bh5 24. Ree2 Rad8 25. c5 Ne3 26. Re1 Bg6 27. Be2 Rf5 0-1

[Event "XVI Festival A"]
[Site "Campobasso ITA"]
[Date "2009.07.25"]
[Round "4"]
[White "Piccoli, Vincenzo"]
[Black "Arbore, Federica"]
[Result "1-0"]
[WhiteElo "2007"]
[BlackElo "1239"]
[PlyCount "43"]
[EventDate "2009.07.24"]

1. e4 e6 2. d4 d5 3. Nc3 Bb4 4. e5 c5 5. Qg4 g6 6. Bg5 Qa5 7. Nge2 Nc6 8. Be3
f6 9. exf6 Nxf6 10. Qh4 Ne4 11. Bd2 cxd4 12. Nxe4 dxe4 13. c3 dxc3 14. bxc3 Bc5
15. Qxe4 Rf8 16. Nd4 Nxd4 17. cxd4 Bb4 18. Rd1 Rf5 19. Bc4 e5 20. Qb1 Qb6 21.
Qxb4 Qf6 22. O-O 1-0

[Event "XVI Festival A"]
[Site "Campobasso ITA"]
[Date "2009.07.25"]
[Round "4"]
[White "Procacci, Sergio"]
[Black "Ficco, Corrado"]
[Result "0-1"]
[WhiteElo "2073"]
[BlackElo "2155"]
[PlyCount "88"]
[EventDate "2009.07.24"]

1. e4 c5 2. Nc3 Nc6 3. g3 g6 4. Bg2 Bg7 5. d3 e6 6. f4 d6 7. Nf3 Nge7 8. O-O
O-O 9. Be3 Nd4 10. Rb1 Rb8 11. Ne2 Nxf3+ 12. Bxf3 b6 13. d4 Qc7 14. Qd2 Ba6 15.
Rfd1 Rfd8 16. Nc3 f5 17. dxc5 dxc5 18. Qf2 Bxc3 19. bxc3 Bc4 20. exf5 exf5 21.
a3 Rxd1+ 22. Rxd1 Rd8 23. Qe1 Rd6 24. Rd2 Qd7 25. Qd1 Rxd2 26. Bxd2 Kf7 27. Qe1
Qe6 28. Qf2 Bd5 29. h3 Be4 30. g4 Qd5 31. c4 Qxc4 32. Be2 Qxc2 33. Qh4 Qxd2 34.
Qxh7+ Ke6 35. gxf5+ gxf5 36. Bc4+ Bd5 37. Qh6+ Kd7 38. Bb5+ Kc7 39. Qg7 Qe1+
40. Bf1 Qe3+ 41. Kh2 Qxf4+ 42. Kg1 Qe3+ 43. Kh2 Qf2+ 44. Bg2 Qxg2+ 0-1

[Event "XVI Festival A"]
[Site "Campobasso ITA"]
[Date "2009.07.25"]
[Round "4"]
[White "Radice, Mario"]
[Black "Carnicelli, Valerio"]
[Result "1-0"]
[WhiteElo "1930"]
[BlackElo "1747"]
[PlyCount "41"]
[EventDate "2009.07.24"]

1. e4 e5 2. Nf3 Nc6 3. Bc4 Bc5 4. c3 Nf6 5. d4 exd4 6. cxd4 Bb4+ 7. Bd2 Nxe4 8.
Bxb4 Nxb4 9. Bxf7+ Kxf7 10. Qb3+ d5 11. Ne5+ Ke6 12. Qxb4 c5 13. Qa4 cxd4 14.
Nf3 Rf8 15. O-O Kf7 16. Qxd4 Kg8 17. Nbd2 Bf5 18. Nb3 Rc8 19. Rac1 Qf6 20.
Qxd5+ Kh8 21. Nbd4 1-0

[Event "XVI Festival A"]
[Site "Campobasso ITA"]
[Date "2009.07.25"]
[Round "4"]
[White "Rizza, Francesco"]
[Black "Laketic, Gojko"]
[Result "0-1"]
[WhiteElo "2030"]
[BlackElo "2463"]
[PlyCount "60"]
[EventDate "2009.07.24"]

1. d4 Nf6 2. Bg5 g6 3. Bxf6 exf6 4. Nc3 f5 5. e3 d5 6. h4 c6 7. Bd3 Qb6 8. Nge2
Qxb2 9. Rb1 Qa3 10. h5 Bg7 11. Kd2 Nd7 12. g4 fxg4 13. hxg6 hxg6 14. Rxh8+ Bxh8
15. Qh1 Bg7 16. Qh7 Qf8 17. Nf4 Nf6 18. Qh2 Qe7 19. a4 a5 20. Rb3 g5 21. Nfe2
Be6 22. Ng3 Qc7 23. Qg1 Bf8 24. Kc1 O-O-O 25. Kb2 Bb4 26. Na2 Bf8 27. Nc3 Ne4
28. Nb5 cxb5 29. Bxe4 dxe4 30. Rc3 Bc4 0-1

[Event "XVI Festival A"]
[Site "Campobasso ITA"]
[Date "2009.07.25"]
[Round "4"]
[White "Rizzo, Giacomo"]
[Black "Maggi, Luigi"]
[Result "1/2-1/2"]
[WhiteElo "1720"]
[BlackElo "1909"]
[PlyCount "42"]
[EventDate "2009.07.24"]

1. e4 e6 2. d4 d5 3. e5 c5 4. c3 Qb6 5. Nf3 Nc6 6. a3 c4 7. g3 f6 8. Qc2 fxe5
9. Nxe5 Nxe5 10. dxe5 Bc5 11. Bh3 Ne7 12. O-O O-O 13. a4 Qc7 14. b4 cxb3 15.
Qxb3 Qxe5 16. c4 Bd4 17. Ra2 dxc4 18. Qxc4 Qd5 19. Qxd5 exd5 20. Bg2 Bf5 21.
Ba3 Rfe8 1/2-1/2

[Event "XVI Festival A"]
[Site "Campobasso ITA"]
[Date "2009.07.25"]
[Round "4"]
[White "Sellitti, Federico"]
[Black "Safranska, Anda"]
[Result "0-1"]
[WhiteElo "2138"]
[BlackElo "2310"]
[PlyCount "100"]
[EventDate "2009.07.24"]

1. e4 g6 2. d4 Bg7 3. Nc3 c6 4. Nf3 d6 5. Bc4 d5 6. exd5 b5 7. Bb3 b4 8. Ne2
cxd5 9. Ba4+ Bd7 10. Bxd7+ Nxd7 11. Bd2 Qb6 12. a3 bxa3 13. Rxa3 Ngf6 14. Rb3
Qd8 15. Bb4 O-O 16. O-O Re8 17. Ne5 e6 18. f4 Ne4 19. Ba3 Nb6 20. Nc3 f6 21.
Nd3 Nc4 22. Re1 Ncd2 23. Nxe4 Nxe4 24. Nc5 f5 25. c3 Rb8 26. g3 Rb6 27. Kg2 g5
28. Rxb6 axb6 29. Nd3 gxf4 30. Nxf4 Qd7 31. Qe2 Ra8 32. Qd3 Bh6 33. Nh5 Qf7 34.
Qf3 Bd2 35. Re2 Bh6 36. Re1 Kh8 37. Nf4 Rg8 38. Nd3 Qg7 39. Ne5 Ra8 40. Qh5 Bd2
41. Re2 Bf4 42. Kf3 Bxe5 43. dxe5 Qxe5 44. Kg2 Qf6 45. Qf3 Rg8 46. c4 f4 47. g4
h5 48. h3 hxg4 49. hxg4 Qh4 50. Kf1 Ng3+ 0-1

[Event "XVI Festival A"]
[Site "Campobasso ITA"]
[Date "2009.07.25"]
[Round "4"]
[White "Sellitti, Luca"]
[Black "Di Muccio, Lindoro"]
[Result "1-0"]
[WhiteElo "1908"]
[BlackElo "1935"]
[PlyCount "57"]
[EventDate "2009.07.24"]

1. e4 c5 2. c3 b6 3. d4 Bb7 4. Bd3 Nf6 5. Qe2 cxd4 6. cxd4 Nc6 7. Nf3 Nb4 8.
Nc3 Nxd3+ 9. Qxd3 e6 10. O-O Bb4 11. Re1 O-O 12. Bg5 Be7 13. Rad1 d5 14. e5 Ne4
15. Bxe7 Qxe7 16. Rc1 Rfc8 17. Nb5 Ba6 18. Qb3 Qd7 19. Nc3 Rc4 20. Nxe4 Rxc1
21. Nf6+ gxf6 22. Rxc1 fxe5 23. Nxe5 Qe7 24. Qg3+ Kh8 25. Qf4 Bb7 26. Nxf7+ Kg8
27. Rc7 Qxc7 28. Qxc7 Rc8 29. Nh6+ 1-0